000 00699nam a2200289Ia 4500
005 20260324130400.0
008 008 260324s9999 xx 000 0 eng d
020 _a9780429479274
037 _aEBOOK
040 _aCRL
040 _beng
040 _cCRL
041 _2eng
041 _aeng
084 _qCRL
100 _aEmily Budick; Rami Aronzon
_91181549
245 0 _aPsychotherapy and the Everyday Life
245 2 _bA Guide for the Puzzled Consumer
260 _bTaylor and Francis
260 _c2007
365 _a
365 _b205
856 _uhttp://www.taylorfrancis.com/books/9780429479274
942 _cEBOOK
999 _c1777700
_d1777700